000 00602nam a2200193Ia 4500
003 LK-CoDNM
008 010623t2005 xxu||||| |||| 00| 1 sin d
040 _aLK-CoDNM
_dLK-CoDNM
_eLK-CoDNM
041 _asin
080 _a781
_bPRI
100 _aPriyadarshani, Deepika
245 _aසංගීත අධ්‍යයනයෙන් ප්‍ර‍භාමත් අනාගතයකට
246 _aSangeetha addyanayen prabamath anagathayakata
260 _bKeshawa publications
_aPolgasowita
_c2005
300 _b(xviii)133, 21 cm
650 _aLiterature
650 _aMusic
942 _cBK
999 _c125183
_d125183